Informe de Práctica Supervisada en el Banco Nacional de Costa Rica: Dirección de Programación y Presupuestación (Registro nro. 3215)
[ vista simple ]
| 000 -LEADER | |
|---|---|
| fixed length control field | 00553amm a2200181 4500 |
| 005 - DATE AND TIME OF LATEST TRANSACTION | |
| control field | 20170111134632.0 |
| 008 - FIXED-LENGTH DATA ELEMENTS--GENERAL INFORMATION | |
| fixed length control field | 150324b xxu||||| |||| 00| 0 spa d |
| 041 ## - LANGUAGE CODE | |
| Language code of text/sound track or separate title | Español |
| 082 ## - DEWEY DECIMAL CLASSIFICATION NUMBER | |
| Classification number | DE 152 |
| 100 ## - MAIN ENTRY--AUTHOR NAME | |
| Personal name | Valverde Venegas, Nathalia |
| 245 ## - TITLE STATEMENT | |
| Title | Informe de Práctica Supervisada en el Banco Nacional de Costa Rica: Dirección de Programación y Presupuestación |
| 260 ## - PUBLICATION, DISTRIBUTION, ETC. (IMPRINT) | |
| Year of publication | 2015 |
| 650 ## - SUBJECT ADDED ENTRY--TOPICAL TERM | |
| Topical Term | COSTA RICA |
| 650 ## - SUBJECT ADDED ENTRY--TOPICAL TERM | |
| Topical Term | ADMINISTRACIÓN DE EMPRESAS |
| 650 ## - SUBJECT ADDED ENTRY--TOPICAL TERM | |
| Topical Term | PRESUPUESTOS |
| 650 ## - SUBJECT ADDED ENTRY--TOPICAL TERM | |
| Topical Term | COMPRAS |
| 942 ## - ADDED ENTRY ELEMENTS (KOHA) | |
| Tipo de ítem | Informe de Práctica |
| Withdrawn status | Estado | Estado físico | Not for loan | Precio de compra | Total Checkouts | Clasificación | Número de inscripción | Date last seen | Price effective from | Tipo de ítem |
|---|---|---|---|---|---|---|---|---|---|---|
| 62720.00 | DE 152 | DE152 | 11/01/2017 | 11/01/2017 | Informe de Práctica |